000 01122nam a22003137a 4500
003 CHAP
005 20220329140040.0
008 971013s1958 r 10010 d
010 _a46198
011 _a47170
035 _a51312
040 _cCHAP
082 _a631.522
_bR48 1958
111 0 0 _aReunión Latinoamericana de Fitotecnia (
_n4
_d: 1958
_c: Santiago de Chile)
_996406
245 _aIV Reunión...
260 _aSantiago :
_bMinisterio de Agricultura,
_c1958
300 _a388 p.
_b: ilus.
590 _aBATCH-UPD
_b10
_c20130110
_lUCH01
_h0125
590 _aBATCH-UPD
_b10
_c20130110
_lUCH01
_h2225
590 _aBATCH-UPD
_b10
_c20130409
_lUCH01
_h2119
590 _aBATCH-UPD
_b10
_c20130914
_lUCH01
_h1918
590 _aCONVERSION
_b10
_c20130109
_lUCH01
_h1325
650 1 4 _aPlantas
_xMejoramiento
_xCongresos.
_988851
901 _aBK
942 _cLIBRO
949 _a631.522 R48 1958
_bBC
_cLIBRO
_d33724000086823
_eLIBRO
_fc.2
_h38400
_i51312
_si
949 _a631.522 R48 1958
_bBC
_cLIBRO
_d33724000086831
_eLIBRO
_h21708
_i51312
_si
949 _a631.522 R48 1958
_bBC
_cLIBRO
_d33724000086849
_eLIBRO
_fc.3
_h38433
_i51312
_si
999 _c46198
_d46198